La teología de la liberación

Salvato in:
Dettagli Bibliografici
Autore principale: Tamayo-Acosta, Juan-José (Autore)
Natura: Libro
Lingua:spagnolo
Pubblicazione: Pamplona Verbo Divino 1989
Soggetti:
Tags: Aggiungi Tag
Nessun Tag, puoi essere il primo ad aggiungerne!!

MARC

LEADER 00000nam a2200000 a 4500
001 UCX4578
003 CL-VaPUC
008 920615e19890000SP |||||||||||||||||spa|d
082 0 4 |a 261  |b TAM  |2 21 
100 0 |a Tamayo-Acosta, Juan-José  |e author  |9 320776 
245 1 3 |a La teología de la liberación 
300 |a 295 p 
942 |c BK 
945 |d 19920615 00:00:00 
260 |a Pamplona  |b Verbo Divino  |c 1989 
650 0 |a Teología de la liberación   |9 255471 
583 |a last modification  |c 20120709 10:57:52  |k Rodrigo Vera 
999 |c 225009  |d 225007 
952 |0 0  |1 0  |4 0  |6 261_000000000000000_TAM_1989  |7 0  |8 F  |9 222156  |a BIBTEO  |b BIBTEO  |d 2019-11-15  |i 2909979  |o 261 TAM 1989  |p 2909979  |r 2025-01-17  |w 2019-11-15  |y BK_F  |k ICR